Manomati (Record no. 3029)

MARC details
000 -LEADER
fixed length control field 00468cam a2200193ua 4500
001 - CONTROL NUMBER
control field 3185
005 - DATE AND TIME OF LATEST TRANSACTION
control field 20260515113638.0
008 - FIXED-LENGTH DATA ELEMENTS--GENERAL INFORMATION
fixed length control field 111012n ii |||gr||||Z||||||asm
040 ## - CATALOGING SOURCE
Transcribing agency MAIN
082 ## - DEWEY DECIMAL CLASSIFICATION NUMBER
Classification number 891.4513
100 1# - MAIN ENTRY--PERSONAL NAME
Personal name Bardoloi, Rajani Kanta,
Relator term Author.
245 11 - TITLE STATEMENT
Title Manomati
Statement of responsibility, etc. by Rajani Kanta Bardoloi
250 ## - EDITION STATEMENT
Edition statement 1st.
260 ## - PUBLICATION, DISTRIBUTION, ETC.
Place of publication, distribution, etc. Guahati:
Name of publisher, distributor, etc. Sahitya Prakash,969.
300 ## - PHYSICAL DESCRIPTION
Extent 185p:
Dimensions 23cm.
653 ## - INDEX TERM--UNCONTROLLED
Uncontrolled term Assamese novel
653 ## - INDEX TERM--UNCONTROLLED
Uncontrolled term Manomati
942 ## - ADDED ENTRY ELEMENTS (KOHA)
Koha item type Books
Holdings
Withdrawn status Lost status Damaged status Not for loan Home library Current library Shelving location Date acquired Total checkouts Full call number Barcode Date last seen Date last checked out Copy number Price effective from Koha item type
        Naharkatiya College Library Naharkatiya College Library General stacks 09/19/2020 1 891.4513 | BAR 7330 01/19/2026 12/09/2025 2 09/19/2020 Books
        Naharkatiya College Library Naharkatiya College Library General stacks 09/19/2020 3 891.4513 | BAR 7335 12/24/2025 12/09/2025 3 09/19/2020 Books
        Naharkatiya College Library Naharkatiya College Library General stacks 09/19/2020 2 891.4513 | BAR 7337 06/25/2024 06/11/2024 1 09/19/2020 Books